| 000 | 00705nam a22001575i 4500 | ||
|---|---|---|---|
| 001 | 169940 | ||
| 003 | ES-MaACL | ||
| 005 | 20230906214239.0 | ||
| 008 | 081222s1876 sp |||| | spa d | ||
| 110 | 2 |
_aAsociación de Propietarios de Fincas Urbanas de Madrid y su Zona de Ensanche. _91629 |
|
| 245 | 1 | 0 | _aMemoria que a la Junta General de la Asociación de Propietarios de Fincas Urbanas de Madrid y su Zona de Ensanche presenta la directiva el 26 de noviembre de 1876. |
| 260 |
_aMadrid : _b[s.n.], _c1876 ( _fJosé C. Conde) |
||
| 300 |
_a54 p. ; _c21 cm. |
||
| 610 | 2 | 4 |
_aAsociación de Propietarios de Fincas Urbanas de Madrid y su Zona de Ensanche- _vMemorias. _9150847 |
| 852 |
_aES-MaACL _jT-208-F-5 |
||
| 999 |
_c169940 _d169940 |
||